5HLuxD.jpg

KING HENRY VIII SENIOR AND PRIMARY SCHOOL LIBRARY OPAC

Dig, dig, digging / (Record no. 2460)

000 -LEADER
fixed length control field 00840cam a2200265 a 4500
001 - CONTROL NUMBER
control field 644097
003 - CONTROL NUMBER IDENTIFIER
control field OSt
005 - DATE AND TIME OF LATEST TRANSACTION
control field 20230602100430.0
008 - FIXED-LENGTH DATA ELEMENTS--GENERAL INFORMATION
fixed length control field 150925t20062001nyua a 000 0 eng d
020 ## - INTERNATIONAL STANDARD BOOK NUMBER
International Standard Book Number 9780439927840
Qualifying information (pbk.) :
040 ## - CATALOGING SOURCE
Original cataloging agency TWTCL
Language of cataloging eng
Transcribing agency TWTCL
Description conventions aacr
041 0# - LANGUAGE CODE
Language code of text/sound track or separate title eng
042 ## - AUTHENTICATION CODE
Authentication code nbic
082 0# - DEWEY DECIMAL CLASSIFICATION NUMBER
Classification number 629.225 MAY
100 1# - MAIN ENTRY--PERSONAL NAME
Personal name Mayo, Margaret.
Relator term author
245 10 - TITLE STATEMENT
Title Dig, dig, digging /
Statement of responsibility, etc. written by Margaret Mayo ; illustrated by Alex Ayliffe.
260 ## - PUBLICATION, DISTRIBUTION, ETC.
Place of publication, distribution, etc. New York :
Name of publisher, distributor, etc. Scholastic Inc.,
Date of publication, distribution, etc. 2006, c2001.
300 ## - PHYSICAL DESCRIPTION
Extent [24] p. :
Other physical details col. ill. ;
Dimensions 25 cm.
490 1# - SERIES STATEMENT
Series statement Ready-to-go classroom library. Kindergarten.
650 #0 - SUBJECT ADDED ENTRY--TOPICAL TERM
Topical term or geographic name entry element Readers (Primary)
650 #0 - SUBJECT ADDED ENTRY--TOPICAL TERM
Topical term or geographic name entry element Motor vehicles
General subdivision Pictorial works
-- Juvenile literature.
700 1# - ADDED ENTRY--PERSONAL NAME
Personal name Ayliffe, Alex.
Relator term author
830 #0 - SERIES ADDED ENTRY--UNIFORM TITLE
Uniform title Ready-to-go classroom library.
942 ## - ADDED ENTRY ELEMENTS (KOHA)
Source of classification or shelving scheme
Koha item type Books - Non Ficton
Holdings
Withdrawn status Lost status Source of classification or shelving scheme Damaged status Not for loan Collection code Permanent Location Current Location Shelving location Date acquired Total Checkouts Full call number Barcode Date due Date last seen Date last checked out Price effective from Koha item type
          Non-Fiction KH8 Primary School Library KH8 Primary School Library Non Fiction 2023-06-02 7 629.225 MAY KHPL000004208 2024-11-19 2024-11-08 2024-11-08 2023-06-02 Books - Non Ficton

Powered By KH8 IT Dept